Why central bankers should disclose interest rate forecast

Na minha lista:
Detalhes bibliográficos
Autor principal: Filáček, Jan
Outros Autores: Komárek, Luboš, Král, Petr
Formato: Capítulo de Livro
Idioma:inglês
Assuntos:
Tags: Adicionar Tag
Sem tags, seja o primeiro a adicionar uma tag!

MARC

LEADER 00000naa$a2200000$$$4500
001 0075127
005 20231010111903.0
041 0 |a eng 
044 |a CZ 
245 1 0 |a Why central bankers should disclose interest rate forecast  |c Jan Filáček, Luboš Komárek, Petr Král 
610 2 0 |a banky centrálne 
610 2 0 |a sadzby úrokové 
610 2 0 |a predvídanie 
100 1 |a Filáček, Jan 
700 1 |a Komárek, Luboš 
700 1 |a Král, Petr